000 00561cam a2200181 4500500
005 20260405001856.0
041 _afre
042 _adc
100 1 0 _aUngerer, Tomi
_eauthor
245 0 0 _aEst-ce que les pierres peuvent penser ?
260 _c2014.
500 _a46
690 _aFeu
690 _aTomi Ungerer
690 _aValéry Giscard d’Estaing
786 0 _nPhilosophie magazine | 84 | 11 | 2014-11-01 | p. 10-10 | 1951-1787
856 4 1 _uhttps://shs.cairn.info/magazine-philosophie-magazine-2014-11-page-10?lang=fr&redirect-ssocas=7080
999 _c2051912
_d2051912